A preliminary report of the permanent manurial experiment on rubber (Record no. 48656)

MARC details
000 -LEADER
fixed length control field 00360nam a2200133Ia 4500
100 ## - MAIN ENTRY--AUTHOR NAME
Personal name George C.M.
245 #2 - TITLE STATEMENT
Title A preliminary report of the permanent manurial experiment on rubber
260 ## - PUBLICATION, DISTRIBUTION, ETC. (IMPRINT)
Name of publisher Rubber Board Bulletin
Year of publication 1963-64
300 ## - PHYSICAL DESCRIPTION
Number of Pages 37-40
650 ## - SUBJECT ADDED ENTRY--TOPICAL TERM
Topical Term Fertilizer
650 ## - SUBJECT ADDED ENTRY--TOPICAL TERM
Topical Term Manuring
942 ## - ADDED ENTRY ELEMENTS (KOHA)
Koha item type Bibliography STAF
Holdings
Withdrawn status Lost status Damaged status Not for loan Home library Current library Shelving location Date acquired Serial Enumeration / chronology Koha item type
      Bibliography RRII Library RRII Library Agronomy 09/04/2014 Volume 7, Issue 1 Bibliography STAF